Uruguay: del bipartidismo al pluripartidismo bipolar
Spremljeno u:
| Glavni autor: | |
|---|---|
| Format: | Tekst |
| Izdano: |
San José :
|
| Izdanje: | 0 |
| Oznake: |
Dodaj oznaku
Bez oznaka, Budi prvi tko označuje ovaj zapis!
|
MARC
| LEADER | 00000 a a2200000 04500 | ||
|---|---|---|---|
| 001 | 18246 | ||
| 003 | |||
| 040 | |a CRAI/IIS |c CRAI/IIS | ||
| 090 | |a 142609 | ||
| 100 | |a Lanzaro, Jorge Luis | ||
| 245 | |a Uruguay: del bipartidismo al pluripartidismo bipolar | ||
| 250 | |a 0 | ||
| 260 | |a San José : | ||
| 300 | |a 17 p. | ||
| 999 | |c 15194 |d 15194 | ||
